| 000 | 00518nam a2200181Ia 4500 | ||
|---|---|---|---|
| 005 | 20250326125552.0 | ||
| 008 | 250326s9999 xx 000 0 und d | ||
| 037 | _aTextbook | ||
| 040 |
_aFMSL _beng _cFMSL |
||
| 041 |
_aeng _2eng |
||
| 084 |
_aX.5 L9 _qFMSL |
||
| 100 |
_aLewis D E S _9739319 |
||
| 245 | 0 |
_aBritain and the European economic community _cLewis D E S |
|
| 260 |
_aLondon _bLondon, Heinemann Educational Books _c1979 |
||
| 300 | _a125p | ||
| 942 |
_cTB _hX.5 L9 |
||
| 999 |
_c1278618 _d1278618 |
||